000 00703nam a2200253Ia 4500
003 OSt
005 20220925175701.0
006 a|||||r|||| 00| 0
007 ta
008 220923b |||||||| |||| 00| 0 eng d
037 _cGeneral Book
040 _aRTL
_cRTL
_beng
041 _2eng
_aeng
082 _aY13, N4
100 _aHazan Haim
_9249477
245 0 _aOld age construction and reconstructions
260 _aCambridge
_bCambridge University Press
_c1994
300 _axi, 126p
_ccm.
490 _aThemes in the Social Sciences
500 _aBibliography: P 107-21
650 _aOld Persons
942 _hY13, N4
_cGB
_2CC
999 _c494261
_d494261